| 000 | 00923 a2200193 4500 | ||
|---|---|---|---|
| 003 | NUST | ||
| 005 | 20221215172205.0 | ||
| 040 | _cNust | ||
| 082 | _a327,MAH | ||
| 100 |
_aMahmood, Dr. Safdar _9105021 |
||
| 245 |
_aInternational affairs / _cDr. Safdar Mahmood |
||
| 250 | _a17th ed | ||
| 260 |
_aLahore _bJang Publisher _c2000 |
||
| 300 |
_a763 p.: _billus _c24 cm |
||
| 505 | _aPart-1: International Relations Between the Two World Wars (Page-15), Part-2: Toward International the United Nations (Page-25), The Commonwealth of Nations (Page-60), Part-3: Rise of Nationalism Asia and the West (Page-118), Part-4: The American Continents (Page-248), Part-5: Iran (Page-290), Disintegration of the Ussr and Re-Emergence of Russia (Page-313), China (Page-348), Contemporary International Issues (Page-398). | ||
| 600 |
_aDr. Safdar Mahmood _954635 |
||
| 650 |
_aInternational affairs _9104891 |
||
| 942 |
_2ddc _cBK _k327,MAH |
||
| 999 |
_c184301 _d184301 |
||